000 00628nam a2200217Ia 4500
001 1156
003 GE_BSU
008 181216s||||||||xx |||||||||||||| ||und||
040 _cGE_BSU
080 _a398+39
245 _aФольклор и этнография
245 _bУ этнографических истоков фольклорных сюжетов и образов
245 _cПод ред.Б.Н.Путилова
260 _aЛенинград
260 _bНаука
260 _c1984
300 _a254стр.
541 _h6л.
653 _aФольклор и этнография
942 _cBK
999 _c35305
_d35305